[Event "Wasselonne op"]
[Site "Wasselonne"]
[Date "2022.08.04"]
[Round "1"]
[White "Bellahcene, Bilel"]
[Black "Roth, Antoine"]
[Result "1-0"]
[WhiteElo "2516"]
[BlackElo "1928"]
[PlyCount "61"]
[EventDate "2022.08.04"]
[EventType "swiss"]
[EventRounds "7"]
[EventCountry "FRA"]
[SourceTitle "CBM 209 Extra"]
[Source "ChessBase"]
[SourceDate "2022.09.30"]
[SourceVersion "1"]
[SourceVersionDate "2022.09.30"]
[SourceQuality "1"]

1. e4 c6 2. d4 d5 3. e5 Bf5 4. g4 Bd7 5. Nc3 h5 6. gxh5 Bf5 7. Nge2 e6 8. Ng3 Bh7 9. Bd3 Bxd3 10. Qxd3 c5 11. Be3 Nc6 12. f4 Qb6 13. dxc5 Bxc5 14. Bxc5 Qxc5 15. 0-0-0 a6 16. Kb1 Nge7 17. Rhe1 0-0-0 18. f5 Nb4 19. Qd2 exf5 20. Nce2 Qc4 21. b3 Qg4 22. e6 f6 23. Rf1 Nbc6 24. Rf4 Qg5 25. h4 Qh6 26. Nd4 Nxd4 27. Qxd4 Rd6 28. Nxf5 Nxf5 29. Rxf5 Rxe6 30. Rxd5 Ree8 31. Qa7 1-0

[Event "Wasselonne op"]
[Site "Wasselonne"]
[Date "2009.08.08"]
[Round "5"]
[White "Schweitzer, Viktoriya"]
[Black "Roth, Antoine"]
[Result "1-0"]
[WhiteElo "2205"]
[BlackElo "1970"]
[PlyCount "63"]
[EventDate "2009.08.06"]
[EventType "swiss"]
[EventRounds "7"]
[EventCountry "FRA"]
[SourceTitle "EXT 2011"]
[Source "ChessBase"]
[SourceDate "2010.11.26"]
[SourceVersion "1"]
[SourceVersionDate "2010.11.26"]
[SourceQuality "1"]

1. e4 c6 2. d4 d5 3. exd5 cxd5 4. Bd3 Nc6 5. c3 Nf6 6. Nf3 Bg4 7. Bf4 e6 8. Qb3 Bd6 9. Bxd6 Qxd6 10. Nbd2 0-0 11. 0-0 Rfc8 12. Rfe1 Bxf3 13. Nxf3 Nd7 14. Qc2 h6 15. Qd2 Re8 16. Re2 e5 17. dxe5 Ndxe5 18. Nxe5 Rxe5 19. Rxe5 Nxe5 20. h3 Rd8 21. Rd1 Nc6 22. Be4 Ne7 23. Qd4 Qa6 24. Qc5 Nc6 25. Rxd5 Re8 26. Bd3 Qxa2 27. Rd7 Qa5 28. Qxa5 Nxa5 29. b4 Nc6 30. Rxb7 Rc8 31. Bf5 Rb8 32. Rc7 1-0